000 00578nam a2200193 a 4500
005 20250116063834.0
008 991125s1966 mx 000 0 spa u
035 _aUPN01000036027
049 _aCG
050 4 _aLB1025
_bM3.58
100 1 _aMelby, Ernest O.
245 1 3 _aEl maestro y la educación /
_cErnest O. Melby ; tr. Antonio Guzmán Balboa.
260 _aMéxico :
_bUTEHA,
_c1966.
300 _a171 p.330
440 0 _aManuales UTEHA ;
_v330.
_pSección 17.
_pEducación
650 4 _aEducación
_9682
650 4 _aPsicología del aprendizaje
_95221
905 _aLibro
999 _c36027
_d36027